Wortgemisch - Europäische Länder - Statistiken

Allgemein
  • Dieses Quiz wurde 50.013 mal gespielt
  • Das Durchschnittsergebnis liegt bei 13 aus 20
Antwortstatistiken
Land % Korrekt
Kosovo
94%
Polen
90%
Malta
88%
Nordmazedonien
86%
Luxemburg
84%
Monaco
84%
Schweiz
83%
Finnland
79%
Schweden
78%
Belgien
75%
Montenegro
75%
Spanien
73%
Slowakei
72%
Portugal
71%
Ungarn
71%
Island
69%
Norwegen
68%
Andorra
67%
Irland
67%
Slowenien
64%
Lettland
63%
Serbien
63%
Tschechien
63%
Deutschland
62%
Frankreich
62%
Litauen
62%
Ukraine
59%
Niederlande
58%
Moldawien
56%
Kroatien
54%
Russland
54%
Albanien
52%
Estland
51%
Belarus
50%
Bulgarien
49%
Griechenland
45%
Liechtenstein
45%
Keine übereinstimmenden Quizze gefunden
Verteilung der Resultate
Anzahl Personen mit jedem Resultat
Perzentil nach korrekt beantworteten Fragen
Ihre Resultats-Entwicklung
Sie haben dieses Quiz noch nicht gespielt